Sports Quiz

Random Sports or MLB Quiz

MLB Runs Scored Leaders by Team (Season) Quiz Stats

 Plays Quiz Updated Aug 31, 2015

Score 0/300 Timer 20:00
1 Play Today
Hint Answer % Correct
YankeesLou Gehrig
88.5%
YankeesBabe Ruth
87.8%
YankeesBabe Ruth
87.8%
YankeesBabe Ruth
87.8%
YankeesBabe Ruth
87.8%
YankeesBabe Ruth
87.8%
YankeesBabe Ruth
87.8%
A'sJimmie Foxx
83.4%
Red SoxTed Williams
81%
Red SoxTed Williams
81%
Red SoxTed Williams
81%
Red SoxTed Williams
81%
Red SoxTed Williams
81%
Red SoxTed Williams
81%
OriolesKen Williams
80.8%
AstrosCraig Biggio
80.1%
AstrosCraig Biggio
80.1%
AstrosCraig Biggio
80.1%
AstrosCraig Biggio
80.1%
AstrosCraig Biggio
80.1%
CardinalsJim Edmonds
79.6%
YankeesLou Gehrig
78.7%
YankeesLou Gehrig
78.7%
AstrosJeff Bagwell
78%
AstrosJeff Bagwell
78%
AstrosJeff Bagwell
78%
AstrosJeff Bagwell
78%
CardinalsAlbert Pujols
77.5%
CardinalsAlbert Pujols
77.5%
DiamondbacksLuis Gonzalez
77.2%
DiamondbacksLuis Gonzalez
77.2%
DiamondbacksLuis Gonzalez
77.2%
RangersJuan Gonzalez
77.2%
MarinersKen Griffey Jr.
76.8%
MarinersKen Griffey Jr.
76.8%
MarinersKen Griffey Jr.
76.8%
MarinersKen Griffey Jr.
76.8%
MarlinsMiguel Cabrera
76.5%
AngelsMike Trout
76.2%
AngelsMike Trout
76.2%
MarinersAlex Rodriguez
76.1%
MarinersAlex Rodriguez
76.1%
RangersAlex Rodriguez
76.1%
RangersAlex Rodriguez
76.1%
RangersAlex Rodriguez
76.1%
RangersIvan Rodriguez
76%
RangersIvan Rodriguez
76%
MarinersAlex Rodriguez
75.8%
TigersTy Cobb
75.5%
TigersTy Cobb
75.5%
A'sJimmie Foxx
74.2%
A'sJimmie Foxx
74.2%
A'sJimmie Foxx
74.2%
Red SoxJimmie Foxx
74.2%
Red SoxJimmie Foxx
74.2%
RoyalsGeorge Brett
73.6%
DodgersFielder Jones
73.4%
White SoxFielder Jones
73.4%
BrewersRobin Yount
72.6%
BrewersRobin Yount
72.6%
RoyalsGeorge Brett
72.2%
RoyalsGeorge Brett
72.2%
RedsPete Rose
72%
RockiesTodd Helton
71.8%
RockiesTodd Helton
71.8%
RockiesTodd Helton
71.8%
PadresTony Gwynn
71.3%
PadresTony Gwynn
71.3%
OriolesFrank Robinson
70.9%
RedsFrank Robinson
70.9%
YankeesJoe Dimaggio
70.4%
Red SoxDom Dimaggio
70.2%
RockiesLarry Walker
69.7%
TwinsKirby Puckett / Sam Rice
69.3%
Blue JaysPaul Molitor
69%
BrewersPaul Molitor
69%
BrewersPaul Molitor
69%
BrewersPaul Molitor
69%
BrewersPaul Molitor
69%
BrewersRyan Braun
68.6%
BrewersRyan Braun
68.6%
GiantsBobby Bonds
67.7%
CardinalsStan Musial
67.2%
CubsHack Wilson
67%
RoyalsWillie Wilson
67%
RoyalsWillie Wilson
67%
MetsDavid Wright
67%
MetsDavid Wright
67%
PadresRickey Henderson
66.6%
BrewersPrince Fielder
65.9%
OriolesCal Ripken
65.9%
IndiansManny Ramirez
65.6%
MarlinsHanley Ramirez
65.6%
MarlinsHanley Ramirez
65.6%
MarlinsHanley Ramirez
65.6%
CubsSammy Sosa
65%
MarinersEdgar Martinez
64.3%
MarinersEdgar Martinez
64.3%
Blue JaysShawn Green
63.9%
RaysEvan Longoria
63.7%
Hint Answer % Correct
RaysEvan Longoria
63.7%
MarinersIchiro Suzuki
63.5%
AngelsVlad Guerrero
63.5%
NationalsVlad Guerrero
63.5%
NationalsVlad Guerrero
63.5%
Blue JaysGeorge Bell
63%
DiamondbacksJay Bell
63%
BravesHerman Long
62.2%
BravesHerman Long
62.2%
MetsLance Johnson
60.9%
Blue JaysCarlos Delgado
60%
Blue JaysCarlos Delgado
60%
Blue JaysCarlos Delgado
60%
MetsCarlos Beltran
59.5%
MetsCarlos Beltran
59.5%
RoyalsCarlos Beltran
59.5%
RoyalsCarlos Beltran
59.5%
RoyalsCarlos Beltran
59.5%
TwinsRod Carew
58.9%
RaysCarl Crawford
58.5%
RaysCarl Crawford
58.5%
RaysCarl Crawford
58.5%
RaysCarl Crawford
58.5%
RaysCarl Crawford
58.5%
CardinalsRogers Hornsby
57.4%
CardinalsRogers Hornsby
57.4%
CardinalsRogers Hornsby
57.4%
CubsRogers Hornsby
57.4%
GiantsRogers Hornsby
57.4%
GiantsMel Ott
56.8%
IndiansRobbie Alomar
55.8%
OriolesRobbie Alomar
55.8%
MetsJose Reyes
55.4%
MetsJose Reyes
55.4%
MetsJose Reyes
55.4%
PadresSteve Finley
55.4%
TigersHank Greenberg
54.7%
TigersHank Greenberg
54.7%
MarlinsMiguel Cabrera
54.4%
MarlinsMiguel Cabrera
54.4%
RedsTommy Harper
53.7%
RangersMichael Young
53%
NationalsTim Raines
51.8%
NationalsTim Raines
51.8%
NationalsTim Raines
51.8%
CardinalsMark McGwire
51.5%
BravesBilly Hamilton
51.2%
BravesBilly Hamilton
51.2%
PhilliesBilly Hamilton
51.2%
PhilliesBilly Hamilton
51.2%
PhilliesBilly Hamilton
51.2%
RockiesAndres Galarraga
49.5%
RockiesAndres Galarraga
49.5%
NationalsRyan Zimmerman
49%
NationalsAndre Dawson
48.3%
IndiansTris Speaker
46.5%
IndiansTris Speaker
46.5%
Red SoxTris Speaker
46.5%
DiamondbacksPaul Goldschmidt
46.5%
IndiansKenny Lofton
45.5%
MarlinsGary Sheffield
45.1%
PiratesPaul Waner
45%
PiratesPaul Waner
45%
PiratesLloyd Waner
45%
PiratesLloyd Waner
45%
A'sNap Lajoie
44.9%
AngelsJim Edmonds
44.8%
AngelsJim Edmonds
44.8%
PadresKen Caminiti
44.3%
TwinsSam Rice
43.8%
Blue JaysDevon White
43.5%
Blue JaysDevon White
43.5%
RaysCarlos Pena
43.2%
AngelsTroy Glaus
42%
RedsGeorge Foster
41.9%
TigersLu Blue
40.8%
PadresSteve Finley
39.8%
White SoxLu Blue
39.8%
RangersRafael Palmeiro
39.5%
RangersRafael Palmeiro
39.5%
AngelsDarin Erstad
38.9%
TigersCharlie Gehringer
38.8%
TigersCharlie Gehringer
38.8%
TigersCharlie Gehringer
38.8%
TigersCharlie Gehringer
38.8%
TigersCharlie Gehringer
38.8%
RoyalsJohnny Damon
38.4%
BravesDale Murphy
37.8%
DiamondbacksJustin Upton
37.8%
DiamondbacksJustin Upton
37.8%
PadresGreg Vaughn
37.5%
A'sEddie Collins
36.9%
A'sEddie Collins
36.9%
DodgersHub Collins
36.8%
DodgersHub Collins
36.8%
A'sAl Simmons
36.4%
A'sAl Simmons
36.4%
NationalsAlfonso Soriano
36.3%
BravesBobby Lowe
36%
RockiesMatt Holliday
35.7%
Hint Answer % Correct
RockiesMatt Holliday
35.7%
Blue JaysVernon Wells
35.3%
RockiesEllis Burks
34.4%
OriolesGeorge Sisler
34.3%
OriolesGeorge Sisler
34.3%
OriolesGeorge Sisler
34.3%
RoyalsJermaine Dye
34.1%
PhilliesChuck Klein
32.9%
PhilliesChuck Klein
32.9%
PhilliesLenny Dykstra
32%
IndiansGrady Sizemore
31%
AstrosRichard Hidalgo
30.5%
GiantsJohnny Mize
29%
RaysBen Zobrist
28.9%
BravesBobby Lowe
28.1%
AngelsDon Baylor
28%
BrewersRickie Weeks
26%
CardinalsJoe Medwick
25.9%
TwinsChuck Knoblauch
25.2%
RangersIan Kinsler
25.1%
MarlinsDan Uggla
24.8%
MarlinsDan Uggla
24.8%
PhilliesEd Delahanty
23.9%
PhilliesEd Delahanty
23.9%
PhilliesEd Delahanty
23.9%
DodgersWillie Keeler
22.5%
GiantsBill Terry
20.5%
DiamondbacksTony Womack
19.4%
MetsEdgardo Alfonzo
18%
MetsEdgardo Alfonzo
18%
IndiansEarl Averill
17%
IndiansEarl Averill
17%
IndiansEarl Averill
17%
RedsVada Pinson
16.7%
RaysAubrey Huff
15.9%
White SoxRay Durham
15.8%
White SoxRay Durham
15.8%
DodgersBilly Herman
15.5%
NationalsAnthony Rendon
15.3%
TwinsZoilo Versalles
15%
PadresRyan Klesko
14.7%
CubsKiki Cuyler
14.6%
PiratesKiki Cuyler
14.6%
CubsKing Kelly
13.2%
White SoxMinnie Minoso
12.9%
RedsBid McPhee
12.6%
RedsBid McPhee
12.6%
RedsBid McPhee
12.6%
BravesHugh Duffy
12.4%
BravesHugh Duffy
12.4%
CubsHugh Duffy
12.4%
Blue JaysAlex Rios
11.9%
TwinsJoe Cronin
11.6%
PiratesMax Carey
11.5%
AngelsTony Phillips
11.2%
White SoxTony Phillips
11.2%
PhilliesLefty O'Doul
10.8%
RockiesGarrett Atkins
10.6%
TwinsHeine Manush
10.2%
CardinalsJesse Burkett
10%
MarlinsCliff Floyd
9.8%
PadresAlan Wiggins
8.3%
PadresMark Loretta
7.5%
TwinsBuddy Lewis
7.3%
CubsJimmy Ryan
6.1%
NationalsBrad Wilkerson
5.6%
DiamondbacksEric Byrnes
5.3%
TwinsCesar Tovar
5.2%
CubsBill Dahlen
5%
CubsWoody English
4.3%
TwinsBuddy Myer
4.3%
A'sEddie Joost
4.2%
OriolesHarlond Clift
4.1%
DodgersMike Griffin
3.7%
DodgersMike Griffin
3.7%
GiantsMike Tiernan
3.4%
GiantsMike Tiernan
3.4%
GiantsMike Tiernan
3.4%
GiantsGeorge Van Haltren
3.3%
PiratesGeorge Van Haltren
3.3%
DiamondbacksJunior Spivey
3.1%
AngelsAlbie Pearson
3.1%
CubsGeorge Gore
2.5%
GiantsGeorge Gore
2.5%
White SoxZeke Bonura
2.4%
PiratesGinger Beaumont
2.3%
White SoxJohnny Mostil
2.3%
White SoxJohnny Mostil
2.3%
PiratesPatsy Donovan
2.2%
RedsArlie Latham
2.1%
OriolesJack Tobin
2.1%
OriolesJack Tobin
2.1%
IndiansCharlie Jamieson
2%
BravesBilly Nash
1.8%
PiratesJake Stenzel
1.6%
DodgersGeorge Pinkney
1.4%
DodgersGeorge Pinkney
1.4%
DodgersTom Daly
1.3%
White SoxRip Radcliff
1%
RedsFrank Fennelly
0.7%

You're not logged in!

Compare scores with friends on all Sporcle quizzes.
OR
Log In

Show Comments

Extras

Top Quizzes Today


Score Distribution

Your Account Isn't Verified!

In order to create a playlist on Sporcle, you need to verify the email address you used during registration. Go to your Sporcle Settings to finish the process.

Report this User

Report this user for behavior that violates our Community Guidelines.

Details: